000 00653nam a2200205Ia 4500
003 GCL
005 20240530102901.0
008 140319s9999 xx 000 0 ara d
040 _aGCL /
_cGCL
082 0 4 _aق
_b962.076
_bم أ
100 1 _aموسى صبرى
245 1 0 _aالسادات الحقيقة والاسطورة /
_cموسى صبرى
250 _aالاولى
260 _aالقاهرة :
_bالمكتب المصرى الحديث ،
_c1985
300 _a782 ص
650 0 4 _aاتفاقيات كامب ديفيد
650 0 4 _aالتراجم الذاتية
650 0 4 _aمصر - الاحوال السياسية
942 _2ddc
_cBK
999 _c35132
_d35132